| 000 -ლიდერი |
| ფიქსირებული სიგრძის საკონტროლო ველი |
01147nam a2200241Ia 4500 |
| 001 - საკონტროლო ნომერი |
| საკონტროლო ველი |
22326 |
| 003 - საკონტროლო ნომრის იდენტიფიკატორი |
| საკონტროლო ველი |
GE_BSU |
| 005 - ბოლო ოპერაციის თარიღი და დრო |
| საკონტროლო ველი |
20221005114532.0 |
| 008 - ფიქსირებული სიგრძის მონაცემთა ელემენტები - ზოგადი ინფორმაცია |
| ფიქსირებული სიგრძის საკონტროლო ველი |
181216s2017||||ge |||||||||||||| ||geo|| |
| 020 ## - წიგნის საერთაშორისო სტანდარტული ნომერი |
| International Standard Book Number |
9789941924484 |
| 040 ## - კატალოგიზაციის წყარო |
| Transcribing agency |
GE_BSU |
| 041 ## - ენის კოდი |
| Language code of text/sound track or separate title |
geo |
| 080 ## - უნივერსალური ათობითი კლასიფიკაციის ინდექსი |
| Universal Decimal Classification number |
371.12.011(092) ბ-92 |
| 100 ## - მთავარი ჩანაწერი - პიროვნების სახელი |
| Personal name |
ბერიძე, ეთერ |
| 9 (RLIN) |
5671 |
| 245 ## - ცნობა სათაურის შესახებ |
| Title |
ლევან ბერიძე (100) : |
| Remainder of title |
[აჭარის დამსახურებული მასწავლებელი] / |
| Statement of responsibility, etc |
ეთერ ბერიძე ; რედაქტორი რამაზ სურმანიძე. |
| 264 ## - წარმოების, გამოცემის, დისტრიბუციის და სხვა ცნობები |
| გამოცემის, წარმოების, დისტრიბუციის... ადგილი |
ბათუმი : |
| გამოცემის, წარმოების, დისტრიბუციის... სახელწოდება |
ლაზარე+, |
| გამოცემის, წარმოების, დისტრიბუციის... თარიღი |
2017. |
| 300 ## - ფიზიკური აღწერა |
| Extent |
228 გვ. : |
| Other physical details |
ფოტ. ; |
| Dimensions |
21 .სმ. |
| 653 ## - INDEX TERM--UNCONTROLLED |
| Uncontrolled term |
ქართველი პედაგოგები |
| 653 ## - INDEX TERM--UNCONTROLLED |
| Uncontrolled term |
ცნობილ ქართველ ადამიანთა ბიოგრაფიები |
| 653 ## - INDEX TERM--UNCONTROLLED |
| Uncontrolled term |
ქართული მემუარული ლიტერატურა |
| 700 ## - ADDED ENTRY--PERSONAL NAME |
| Personal name |
სურმანიძე, რამაზ |
| Relator term |
რედაქტორი |
| 9 (RLIN) |
15054 |
| 942 ## - ADDED ENTRY ELEMENTS (KOHA) |
| Koha item type |
წიგნი |
| Source of classification or shelving scheme |
|